Deterioration of Watt and Voltage Characteristics of AlGaInP Heterostructures under Irradiation by Fast Neutrons; IOP Conference Series: Materials Science and Engineering; Vol. 110 : Radiation-Thermal Effects and Processes in Inorganic Materials (RTEP2015)
| Источник: | IOP Conference Series: Materials Science and Engineering Vol. 110 : Radiation-Thermal Effects and Processes in Inorganic Materials (RTEP2015).— 2016.— [012026, 5 p.] |
|---|---|
| Главный автор: | |
| Автор-организация: | |
| Другие авторы: | |
| Примечания: | Title screen The paper presents the results of studying characteristic deterioration of AlGaInP heterostructures with multiple quantum wells. The research was completed for light emitting diodes (emission wavelengths 623 nm and 590 nm) under fast neutron irradiation in passive mode. It has been revealed that the change in emission power and operating current under irradiation is conditioned by band gap and level of electron injection. Here, the change of current flowing mechanism is a distinctive parameter of the boundary between the first and second stages of emission power reduction caused by fast neutron irradiation of AlGaInP heterostructures ([lambda]=625 nm). Режим доступа: по договору с организацией-держателем ресурса |
| Язык: | английский |
| Опубликовано: |
2016
|
| Предметы: | |
| Online-ссылка: | http://dx.doi.org/10.1088/1757-899X/110/1/012026 http://earchive.tpu.ru/handle/11683/18064 |
| Формат: | MixedMaterials Электронный ресурс Статья |
| Запись в KOHA: | https://koha.lib.tpu.ru/cgi-bin/koha/opac-detail.pl?biblionumber=647005 |
MARC
| LEADER | 00000nla2a2200000 4500 | ||
|---|---|---|---|
| 001 | 647005 | ||
| 005 | 20231102025507.0 | ||
| 035 | |a (RuTPU)RU\TPU\network\12142 | ||
| 035 | |a RU\TPU\network\12140 | ||
| 090 | |a 647005 | ||
| 100 | |a 20160323a2016 k y0engy50 ba | ||
| 101 | 0 | |a eng | |
| 105 | |a y z 100zy | ||
| 135 | |a drgn ---uucaa | ||
| 181 | 0 | |a i | |
| 182 | 0 | |a b | |
| 200 | 1 | |a Deterioration of Watt and Voltage Characteristics of AlGaInP Heterostructures under Irradiation by Fast Neutrons |f А. V. Gradoboev, K. N. Orlova | |
| 203 | |a Text |c electronic | ||
| 300 | |a Title screen | ||
| 320 | |a [References: 13 tit.] | ||
| 330 | |a The paper presents the results of studying characteristic deterioration of AlGaInP heterostructures with multiple quantum wells. The research was completed for light emitting diodes (emission wavelengths 623 nm and 590 nm) under fast neutron irradiation in passive mode. It has been revealed that the change in emission power and operating current under irradiation is conditioned by band gap and level of electron injection. Here, the change of current flowing mechanism is a distinctive parameter of the boundary between the first and second stages of emission power reduction caused by fast neutron irradiation of AlGaInP heterostructures ([lambda]=625 nm). | ||
| 333 | |a Режим доступа: по договору с организацией-держателем ресурса | ||
| 461 | 0 | |0 (RuTPU)RU\TPU\network\2008 |t IOP Conference Series: Materials Science and Engineering | |
| 463 | 0 | |0 (RuTPU)RU\TPU\network\11965 |t Vol. 110 : Radiation-Thermal Effects and Processes in Inorganic Materials (RTEP2015) |o International Scientific Conference, 31 August to 10 September 2015, Tomsk, Russia |o [proceedings] |v [012026, 5 p.] |d 2016 | |
| 610 | 1 | |a электронный ресурс | |
| 610 | 1 | |a труды учёных ТПУ | |
| 610 | 1 | |a гетероструктуры | |
| 610 | 1 | |a облучение | |
| 610 | 1 | |a быстрые нейтроны | |
| 610 | 1 | |a квантовые ямы | |
| 700 | 1 | |a Gradoboev |b A. V. |c physicist |c Professor of Yurga technological Institute of Tomsk Polytechnic University, Doctor of technical sciences |f 1952- |g Aleksandr Vasilyevich |2 stltpush |3 (RuTPU)RU\TPU\pers\34242 |9 17773 | |
| 701 | 1 | |a Orlova |b K. N. |c physicist |c Associate Professor of Yurga technological Institute of Tomsk Polytechnic University, Candidate of technical sciences |f 1985- |g Kseniya Nikolaevna |2 stltpush |3 (RuTPU)RU\TPU\pers\33587 |9 17245 | |
| 712 | 0 | 2 | |a Национальный исследовательский Томский политехнический университет (ТПУ) |b Юргинский технологический институт (филиал) (ЮТИ) |b Кафедра безопасности жизнедеятельности, экологии и физического воспитания (БЖДЭФВ) |h 2240 |2 stltpush |3 (RuTPU)RU\TPU\col\18930 |
| 801 | 2 | |a RU |b 63413507 |c 20161121 |g RCR | |
| 856 | 4 | |u http://dx.doi.org/10.1088/1757-899X/110/1/012026 | |
| 856 | 4 | 0 | |u http://earchive.tpu.ru/handle/11683/18064 |
| 942 | |c CF | ||